| 000 | 00514nam a2200157 i 4500 | ||
|---|---|---|---|
| 001 | 104629 | ||
| 003 | ES-MaACL | ||
| 005 | 20230906183642.0 | ||
| 007 | t| | ||
| 008 | 051202s1978 sp ||||1| spa d | ||
| 110 | 1 |
_aEspaña. _bMinisterio de Educación y Ciencia. _93864 |
|
| 245 | 1 | 0 | _aPresupuestos de los Organismos Autónomos del Ministerio de Educación y Ciencia para el año 1978. |
| 260 |
_aMadrid : _b[s.n.], _c1978 ( _fImp. Benzal) |
||
| 300 |
_a373 p. ; _c31 cm. |
||
| 852 |
_aES-MaACL _jA-9902 _bR.99191 |
||
| 999 |
_c104629 _d104629 |
||